Quizzes
Events
Quiz Creation
Community
Videos
Private Events
Remove Ads
Sign In
Join for FREE
Feedback
Dark Mode
Quiz Categories
Sports
Geography
Music
Movies
Television
Just For Fun
Miscellaneous
History
Literature
Language
Science
Gaming
Entertainment
Religion
Holiday
For Kids
Quiz Lab
Recent
Popular Today
Quiz Kudos Today
Editor Picks
Curator Picks
Quizzes by...
Day
Popularity
Type
Ratings
Length
Year
Community
Subscriptions
Recent Discussions
Orange Saloon
Badges
Playlists
Quests
Create
Leaderboards
Showdown
Live 5
Trivia Bingo
Activity
Puzzle Library
Sporcle Events
Private Events
Virtual Trivia
Globe League
Become a Host
Pub Owners
SporcleCon
Opinionation
Our Games
Videos
Blog
Mobile Apps
Partnerships
Remove Ads and Go Orange
Feedback
Geography
Country
Landmarks
City
State
Population
World
Capital
Continent
Flags
Europe
Africa
Asia
South America
North America
Oceania
Border
Canada
United Kingdom
Topography
United States
Geography
Country
Landmarks
City
State
Population
World
Capital
Continent
Flags
Europe
Africa
Asia
South America
North America
Oceania
Border
Canada
United Kingdom
Topography
United States
Random Quiz
Search Sporcle
×
Quiz Lab
Quiz Lab
Geography
Type in answers that appear in a list
Type in answers that appear in a list
Classic
Best Score? Go Orange.
People on a Map Stats
Can you name the people whose names contain a geographic feature (city, country, etc)?
By
tomjenkins
5m
15 Questions
909 Plays
909 Plays
909 Plays
Comments
Comments
Give Quiz Kudos
Give Quiz Kudos
-
- Ratings
hide this ad
Replay
Link that replays current quiz
Next Quiz
Link to next quiz in quiz playlist
You Got
0%
They Got
Avg Score
26%
Avg Friend Score
Upgrade to see
Score Distribution
Jump to the score distribution portion of the page
Score
0/15
Timer
05:00
0
Plays Today
Hint
Person
% Correct
Fictional rockstar portrayed by Miley Cyrus
Hannah Montana
92.5%
American author from San Francisco, wrote 'White Fang'
Jack London
60.5%
Pulitzer prize winning playwright known for 'Cat on a Hot Tin Roof'
Tennessee Williams
52.3%
Mythical Prince of Troy and slayer of Achilles
Paris
43.7%
Attorney General under Bill Clinton administration
Janet Reno
32%
Knicks player and Member of the USA 2000 Olympic basketball team
Allan Houston
20.5%
Brand of Tropical t-
shirts
Tommy Bahama
18.4%
African-
American actor starring in 'Boyz n the Hood'
Cuba Gooding Jr.
18.4%
Hint
Person
% Correct
Female novelist, works include “The Waves” and “A room of one's own”
Virginia Woolf
17.4%
US reservist given a dishonorable discharge after the Abu Ghraib prison scandal
Lynndie England
16.4%
Nominated for Best Director Oscar for 'Tootsie'
Sydney Pollack
7%
Winner of season 1 of Dancing with the Stars
Kelly Monaco
6.3%
R&B singer of “brown skin” and “little things”
India.arie
5.4%
Siberian Husky that helped transport the diphtheria antitoxin to Nome, Alaska
Togo
2.1%
11-
year old Japanese killer popularized as an internet meme
Nevada-tan
1.7%
Quiz Playlist
Details
Report
Send in Message
Add To Playlist
Classic:
Type in answers that appear in a list
Last Updated: Feb 16, 2017
Quiz Scoreboard
CHALLENGE
Sign Up to Join the Scoreboard
Show All
Scores
Hide
Comments
May contain spoilers
Recently Published
Decade Duel: World Leaders
by jenniferyan
History
4m
Alphabetical 'K' Countries by Flag Minefield
by ylime102
Geography
3m
Pick 6: Fruits
by JohnFran
Miscellaneous
15s
More to Explore
Quiz From the Vault
Featured Blog Post
15 Basketball Trivia Facts You Can Be March Mad About
hide this ad
You Might Also Like...
Tags
This quiz does not have any tags.
Today's Top Quizzes in Geography
Browse Geography
hide this ad
Top Contributed Quizzes in Geography
1
Countries of the World - No Outlines Minefield
2
Pick 6: Mountains
3
Least Populated Answer: 'G' Countries
4
Alphabetical 'L' Countries By Flag Minefield
5
Lietuvos savivaldybės (Lithuanian Municipalities)
6
Alphabetical 'M' Countries By Flag Minefield
7
Pick 6: National Parks
8
Pick 6: US States
9
Blind Ultimate Minefield: Europe
10
'A' Countries In Alphabetical Order by Flag
Explore More
Trending Topics
Disney
Crossword
Marvel
Kpop
Harry Potter
Anime
NBA
Song
WWE
Soccer
Puzzle
NFL
Pokémon
The Office
Country
hide this ad
More By:
tomjenkins
Quiz
Plays
Rating
Category
Featured
Created
People on a Map
106,490
3.33
Entertainment
Oct 20, 2009
People on a Map
909
3.00
Geography
Oct 13, 2009
Mother 3 Bosses
879
4.80
Gaming
Oct 3, 2009
US States with a town named Springfield
743
4.50
Geography
Oct 4, 2009
Sgt Pepper's People
677
4.00
Music
Nov 1, 2009
Go to Creator's Profile
Score Distribution
Quiz Creator Spotlight
tomjenkins
Follow
Send a Message
Quizzes Created
-
Created Quiz Play Count
-
More By This Creator
Popular Quizzes Today
1
Countries of Asia Without Outlines Minefield
2
Find the US States - No Outlines Minefield
3
Pick 6: Fruits
4
The Countries of the World
5
Alphabetical 'K' Countries by Flag Minefield
6
Find the Countries of Europe - No Outlines Minefield
7
US States
8
Find the US States
More Geography Quizzes
Biggest City in Each European Country
Quiz Lab
Trending Quizzes
Pick 6: Mountains
Pick 6: Harry Potter
Pick 6: Flags
Pick 6: NFL Teams
Pick 6: Movie Franchises
Recently Updated
Adaptations: Name the Title
pecheneg
NWSL Teams
pecheneg
Women's Final Four Teams by Year
bhenderson79
Presidents Quartet II
eogle
Anything But Clue(do)
eogle
Anything But Oceanian Capitals
eogle
Anything But 7
eogle
Anything But Thing
eogle
Word Ladder: February 29
pecheneg
Song Title Questions
pecheneg
Trending Topics
Anime
Harry Potter
Disney
Kpop
Marvel
Crossword
NBA
NFL
Song
Soccer
Country
WWE
Puzzle
Pokémon
The Office
Your Account Isn't Verified!
In order to create a playlist on Sporcle, you need to verify the email address you used during registration. Go to your
Sporcle Settings
to finish the process.
Report this User
Report this user for behavior that violates our
Community Guidelines
.
Details:
Send Report
Go to the Sporcle.com Mobile Site →
Comments